000 01465pam a2200217 a 4500
001 2941720
005 20260205085423.0
008 900226s1990 ilu b 001 0 eng
010 _a 90006987
020 _a9780198762669
082 _a364.6 GAR
100 1 _aGarland, David
245 1 0 _aPunishment and modern society :
_ba study in social theory /
_cDavid Garland
260 _aLondon :
_bClarendon Press,
_c2012.
300 _a312 p. ;
_c24 cm.
440 0 _aStudies in crime and justice
505 _a1. The Sociology of Punishment and Punishment Today 2. Punishment and Social Solidarity: The Work of émile Durkheim 3. Punishment and the Construction of Authority: A Reworking of Durkheimian Themes 4. The Political Economy of Punishment: Rusche and Kirchheimer and the Marxist Tradition 5. Punishment as Ideology and Class Control: Variations on Marxist Themes 6. Punishment and the Technologies of Power: The Work of Michel Foucault 7. Beyond the Power Perspective: A Critique of Foucault on Punishment 8. The Rationalization of Punishment: Weberian Themes and Modern Penality 9. Punishment and Culture: Cultural Forms and Penal Practices 10. Punishment and Sensibilities: A Genealogy of ’Civilized’ Sanctions 11. Punishment as a Cultural Agent: Penality’s Role in the Creation of Culture 12. Punishment as Social Institution Bibliography Index
650 0 _aPunishment
_xHistory.
650 0 _aPunishment
_xPhilosophy.
942 _2ddc
_cBK
999 _c111960
_d111960